Регионална библиотека "Любен Каравелов" - Русе

Походът на императорите (Запис номер 494490)

MARC детайли
000 -Лидер
Лидер 01011ngm a2200253 a 4500
003 - Код на организацията, давaща контролен номер
Код на организацията, даваща контролен номер BLK
005 - Дата и час на последна редакция
Дата и час на последна редакция 20230816163708.0
007 - Фиксирано поле за физическо описани
Физическо описание mr ba |ka|daaaac
008 - Елементи от данни с фиксирана дължина
Елементи с фиксирана дължина 230816b bu |||||r|||| s0| m|bu d
024 ## - Международен стандартен номер на аудиовизоални материали ISAN
Standard number or code 3800904010504
040 ## - Източник на каталожния запис
Код на библиотеката BLK
041 ## - Код за език
Език Български
Език за КДБФ Български
080 ## - УДК
УДК текст Документални филми
УДК код 791.229
УДК – код + определител 791.229
245 ## - Сведения за заглавието
Заглавие Походът на императорите
Авторска отговорност режисьор и сценарист Люк Жаке ; музика: Емили Симон
Носител DVD
260 ## - Област на издателските данни
9 (RLIN) 214444
Място на издаване София
Име на издателя Александра видео
Година на издаване 2006
300 ## - Физическа характеристика
Брой дискове, общо времетраене (83 мин.)
Други физически данни цв. ; зв.
Размер 12 см
380 ## - Жанр
Жанр Изкуство
500 ## - Общи забележки
Обща забележка Изт.: Загл. екран ; Етикет ; Обложка. - Дигитално изд.
511 ## - Забележка за участници или изпълнители
Забележка за участници или актьори Майкъл Пеня, Дани Глоувър, Кейт Мара и др.
852 ## - Местоположение
Сигнатура (форматна) Цб CD 5176
Отдел Отдел Изкуство - подръчен фонд
856 ## - Електронен адрес и достъп
Инструкция (цена за достъп) 0.00
Права за достъп disable
942 ## - АРТИКУЛИ
Вид на библиотечния документ Компактдискове
Скрит в OPAC Не
944 ## - СЪЗДАВАНЕ И РЕДАКЦИЯ на ЗАПИСА
Дата на регистрацията/редакция Геновева Генчева
Служител, извършил регистрацията/редакцията 30560
Номер на служител Геновева Генчева
Създаване/Редакция
999 ## - СИСТЕМНИ КОНТРОЛНИ НОМЕРА
Koha biblionumber 494490
Koha biblioitemnumber 494490
Наличности
Код за отписване Код за изгубен артикул Източник на класификационната схема Код за повреда Код за отдаване Артикулен № Име на библиотеката - собственик Име на библиотеката, в която се намира в момента Статус (Текущо местоположение) Дата на вписване в системата Местоположение - отдел Цена в лева Инвентарен номер Систематично азбучна сигнатура Баркод Цена в евро Служебен тип на артикула
  Не е изгубен Universal Decimal Classification Не е повреден заемане за дома 933169 Регионална библиотека "Любен Каравелов" Русе Регионална библиотека "Любен Каравелов" Русе Отдел Изкуство - подръчен фонд 2023-08-21 Отдел Изкуство - подръчен фонд 10.00 120000892304 791.229/П 62 120000892304 5.11 Компактдискове
Vip Innovations Ltd, Rousse, Bulgaria 2025